[Event "17. Obert Int. Sant Marti 2015"]
[Site "Barcelona ESP"]
[Date "2015.07.21"]
[Round "9.49"]
[White "Font Purroy, Vicenc"]
[Black "Barragan Hernandez, Manel"]
[Result "1/2-1/2"]
[WhiteElo "2092"]
[BlackElo "1767"]
[PlyCount "147"]
[EventDate "2015.07.13"]
[EventType "swiss"]
[EventRounds "9"]
[EventCountry "ESP"]
[SourceTitle "Ajedrez en Madrid"]
[Source "lmi"]
[SourceDate "2013.07.13"]
[SourceVersion "1"]
[SourceVersionDate "2019.06.24"]
[SourceQuality "1"]

1. c4 Nf6 2. g3 g6 3. Bg2 Bg7 4. Nc3 O-O 5. d3 e5 6. e4 d6 7. Nge2 Nc6 8. O-O
Nd7 9. Nd5 Ne7 10. Rb1 a5 11. a3 c6 12. Ndc3 h6 13. f4 f5 14. Be3 Kh7 15. Kh1
Nf6 16. Qb3 exf4 17. gxf4 Ng4 18. Bb6 Qe8 19. h3 Nf6 20. Bg1 Nh5 21. Rbe1 Qf7
22. Qc2 fxe4 23. Nxe4 Nf5 24. Bf2 d5 25. cxd5 cxd5 26. N4g3 Nhxg3+ 27. Nxg3 Nh4
28. Bc5 Nxg2 29. Re7 Qf6 30. Rxg7+ Qxg7 31. Bxf8 Qxf8 32. Qc7+ Qg7 33. Qxg7+
Kxg7 34. Kxg2 Bd7 35. Rc1 Rc8 36. Rxc8 Bxc8 37. h4 Bg4 38. Kf2 Kf6 39. Ke3 Ke6
40. Kd4 b6 41. b4 axb4 42. axb4 Bf3 43. Kc3 Bd1 44. Nf1 Bf3 45. Ne3 h5 46. Kd4
Bh1 47. Nd1 Kf5 48. Ne3+ Kxf4 49. Nxd5+ Bxd5 50. Kxd5 g5 51. hxg5 Kxg5 52. Ke6
h4 53. d4 h3 54. d5 h2 55. d6 h1=Q 56. d7 Qc6+ 57. Ke7 Qf6+ 58. Ke8 Qe6+ 59.
Kd8 b5 60. Kc7 Qc4+ 61. Kb7 Qd5+ 62. Kc7 Qe5+ 63. Kc8 Qc3+ 64. Kb7 Qd3 65. Kc7
Qc4+ 66. Kb7 Qf7 67. Kc8 Qe6 68. Kc7 Qe5+ 69. Kc8 Qc3+ 70. Kb7 Qf3+ 71. Kc7
Qf4+ 72. Kc8 Qf5 73. Kc7 Qe5+ 74. Kc8 1/2-1/2

[Event "17. Obert Int. Sant Marti 2015"]
[Site "Barcelona ESP"]
[Date "2015.07.21"]
[Round "9.50"]
[White "Dadello, Aleksandra"]
[Black "Perez Garcia, Adria"]
[Result "0-1"]
[WhiteElo "2068"]
[BlackElo "1644"]
[PlyCount "94"]
[EventDate "2015.07.13"]
[EventType "swiss"]
[EventRounds "9"]
[EventCountry "ESP"]
[SourceTitle "Ajedrez en Madrid"]
[Source "lmi"]
[SourceDate "2013.07.13"]
[SourceVersion "1"]
[SourceVersionDate "2019.06.24"]
[SourceQuality "1"]

1. e4 c6 2. d4 d5 3. Nc3 dxe4 4. Nxe4 Bf5 5. Ng3 Bg6 6. h4 h6 7. Nf3 Nd7 8. h5
Bh7 9. Bd3 Bxd3 10. Qxd3 e6 11. Bf4 Qa5+ 12. Bd2 Qc7 13. O-O-O Ngf6 14. Ne4
O-O-O 15. g3 Nxe4 16. Qxe4 Nf6 17. Qe2 Bd6 18. Kb1 c5 19. dxc5 Bxc5 20. Bf4 Bd6
21. Rd4 Qb6 22. Qc4+ Kb8 23. Ne5 Bxe5 24. Bxe5+ Ka8 25. Rf4 Rc8 26. Qe2 Qd8 27.
Qf3 Qd2 28. Bc3 Qd7 29. Bxf6 gxf6 30. Rxf6 Qd2 31. c3 Rhd8 32. Rxf7 Rb8 33. Rf6
Rd6 34. Qe3 Qd5 35. f3 Ra6 36. b3 Qa5 37. Rh2 Rc6 38. c4 Rd8 39. Rxe6 Qf5+ 40.
Re4 Rcd6 41. Qf4 Qa5 42. Qe5 Qa3 43. Qf4 Rd1+ 44. Kc2 Qxa2+ 45. Kc3 R1d3+ 46.
Kb4 Rxb3+ 47. Kc5 Qa5# 0-1

[Event "17. Obert Int. Sant Marti 2015"]
[Site "Barcelona ESP"]
[Date "2015.07.21"]
[Round "9.51"]
[White "Minguell Soler, Joan"]
[Black "Dominguez, Laura Lucia"]
[Result "1-0"]
[WhiteElo "1836"]
[BlackElo "2057"]
[PlyCount "109"]
[EventDate "2015.07.13"]
[EventType "swiss"]
[EventRounds "9"]
[EventCountry "ESP"]
[SourceTitle "Ajedrez en Madrid"]
[Source "lmi"]
[SourceDate "2013.07.13"]
[SourceVersion "1"]
[SourceVersionDate "2019.06.24"]
[SourceQuality "1"]

1. d4 Nf6 2. c4 g6 3. Nc3 Bg7 4. e4 d6 5. Nf3 O-O 6. Be2 e5 7. d5 a5 8. O-O Na6
9. Be3 Ng4 10. Bg5 f6 11. Bh4 h5 12. Nd2 Nh6 13. f3 g5 14. Bf2 f5 15. exf5 Bxf5
16. Nde4 b6 17. Be3 Nf7 18. Qd2 g4 19. fxg4 Bxg4 20. Bxg4 hxg4 21. Ng5 Nxg5 22.
Bxg5 Qd7 23. Ne4 Nc5 24. Nxc5 bxc5 25. Rxf8+ Kxf8 26. Re1 Kg8 27. Bh6 Rf8 28.
Qg5 Rf4 29. Qg6 Rf7 30. b3 a4 31. Re4 axb3 32. axb3 g3 33. Qxg3 Qf5 34. Re1 Kh7
35. Bxg7 Rxg7 36. Qh4+ Kg8 37. Qe4 Qh5 38. Rf1 Rh7 39. h3 Rg7 40. Qf3 Qg6 41.
Qf8+ Kh7 42. Qf5 Kh6 43. Qxg6+ Kxg6 44. Rf3 Kh5 45. g3 Kg5 46. Kf2 c6 47. dxc6
Rc7 48. Ke3 Rxc6 49. Ke4 Rb6 50. Rd3 Kh5 51. Kf5 Rb8 52. Rxd6 Rxb3 53. g4+ Kh4
54. Rh6+ Kg3 55. Kxe5 1-0

[Event "17. Obert Int. Sant Marti 2015"]
[Site "Barcelona ESP"]
[Date "2015.07.21"]
[Round "9.52"]
[White "Brilej, Jaka"]
[Black "Guix Torres, David"]
[Result "1-0"]
[WhiteElo "1639"]
[BlackElo "2036"]
[PlyCount "103"]
[EventDate "2015.07.13"]
[EventType "swiss"]
[EventRounds "9"]
[EventCountry "ESP"]
[SourceTitle "Ajedrez en Madrid"]
[Source "lmi"]
[SourceDate "2013.07.13"]
[SourceVersion "1"]
[SourceVersionDate "2019.06.24"]
[SourceQuality "1"]

1. e4 c5 2. Nf3 d6 3. d4 cxd4 4. Nxd4 Nf6 5. Nc3 g6 6. Be3 Bg7 7. Be2 O-O 8.
Qd2 Nc6 9. O-O-O Nxd4 10. Bxd4 Be6 11. h4 Qa5 12. Qg5 Qxg5+ 13. hxg5 Nd7 14.
Bxg7 Kxg7 15. f4 f6 16. gxf6+ Nxf6 17. g3 Rac8 18. Bf3 a6 19. Nd5 Bxd5 20. exd5
Rc7 21. Rhe1 Rfc8 22. Re2 Kf8 23. g4 h5 24. g5 Nh7 25. Rde1 Rd7 26. Be4 Kf7 27.
f5 Nxg5 28. fxg6+ Kf6 29. Rf1+ Kg7 30. Bf5 Rf8 31. Ref2 Rc7 32. Rh2 Rc5 33.
Rxh5 Rxd5 34. Rxg5 e6 35. Rh1 Rdxf5 36. Rh7+ Kf6 37. Rxf5+ exf5 38. Rxb7 Kxg6
39. Rb6 Rf6 40. Rxa6 f4 41. Kd2 Re6 42. Ra8 Kg5 43. a4 Kg4 44. Rf8 d5 45. b4
Kf3 46. a5 Re4 47. a6 Rd4+ 48. Kc1 Rxb4 49. a7 Ra4 50. a8=Q Rxa8 51. Rxa8 Ke3
52. Re8+ 1-0

[Event "17. Obert Int. Sant Marti 2015"]
[Site "Barcelona ESP"]
[Date "2015.07.21"]
[Round "9.54"]
[White "Scheffknecht, Philipp"]
[Black "Kakumanu, Kautil Prasad"]
[Result "0-1"]
[WhiteElo "2121"]
[BlackElo "1616"]
[PlyCount "122"]
[EventDate "2015.07.13"]
[EventType "swiss"]
[EventRounds "9"]
[EventCountry "ESP"]
[SourceTitle "Ajedrez en Madrid"]
[Source "lmi"]
[SourceDate "2013.07.13"]
[SourceVersion "1"]
[SourceVersionDate "2019.06.24"]
[SourceQuality "1"]

1. d4 d5 2. c4 c6 3. Nf3 Nf6 4. Nc3 a6 5. a4 e6 6. Bg5 Be7 7. e3 a5 8. Bd3 Na6
9. Rc1 Nb4 10. Bb1 O-O 11. O-O Bd7 12. Qe2 h6 13. Bh4 Rc8 14. Rfd1 c5 15. cxd5
Nfxd5 16. Bxe7 Qxe7 17. Nxd5 exd5 18. b3 c4 19. Ba2 Nxa2 20. Qxa2 Qb4 21. bxc4
Bxa4 22. Rd3 Rxc4 23. Rb1 Rfc8 24. h3 Qxb1+ 25. Qxb1 Rc1+ 26. Qxc1 Rxc1+ 27.
Kh2 b5 28. Ra3 Rb1 29. Ne5 Rb3 30. Ra2 Rc3 31. Kg3 Rc7 32. Nd3 Ra7 33. Kf4 Bb3
34. Ra3 Bc4 35. Nb4 axb4 36. Rxa7 b3 37. Ra8+ Kh7 38. Ra1 Bd3 39. Ke5 b2 40.
Re1 b1=Q 41. Rxb1 Bxb1 42. Kxd5 Bd3 43. Kc5 Kg8 44. d5 Kf8 45. d6 Ke8 46. h4
Kd7 47. f3 Bf1 48. g3 Be2 49. f4 f5 50. h5 Bxh5 51. Kxb5 Kxd6 52. Kc4 Be2+ 53.
Kd4 g5 54. e4 gxf4 55. e5+ Ke6 56. gxf4 Ba6 57. Ke3 Kd5 58. Kf3 Bb5 59. Kg3 Ke4
60. e6 Be8 61. e7 Ke3 0-1

[Event "17. Obert Int. Sant Marti 2015"]
[Site "Barcelona ESP"]
[Date "2015.07.21"]
[Round "9.55"]
[White "Dougas Chavarria, Nestor"]
[Black "Lienhard, Alex"]
[Result "0-1"]
[WhiteElo "1809"]
[BlackElo "2139"]
[PlyCount "92"]
[EventDate "2015.07.13"]
[EventType "swiss"]
[EventRounds "9"]
[EventCountry "ESP"]
[SourceTitle "Ajedrez en Madrid"]
[Source "lmi"]
[SourceDate "2013.07.13"]
[SourceVersion "1"]
[SourceVersionDate "2019.06.24"]
[SourceQuality "1"]

1. e4 c5 2. g3 a6 3. Bg2 b5 4. Ne2 Bb7 5. d3 e6 6. O-O Nc6 7. f4 d5 8. e5 Nge7
9. a4 h5 10. Be3 Nf5 11. Bf2 b4 12. Nd2 h4 13. g4 h3 14. Bh1 Nh6 15. Ng3 g5 16.
Nh5 Ng8 17. Bg3 c4 18. Nf3 cxd3 19. cxd3 gxf4 20. Bxf4 Qb6+ 21. d4 O-O-O 22.
Bg5 Rd7 23. Nf6 Nxf6 24. Bxf6 Rg8 25. g5 Rc7 26. b3 Kb8 27. Qd3 a5 28. Rfd1 Rg6
29. Rac1 Ba6 30. Qc2 Rg8 31. Kf2 Rc8 32. Qh7 Nxd4 33. Rxc8+ Bxc8 34. Nxd4 Bc5
35. Qxg8 Bxd4+ 36. Kg3 Bg1 37. Kg4 Qe3 38. Bf3 Bxh2 39. Bxd5 exd5+ 40. Kh5 Qf3+
41. Kh6 Qxd1 42. Qxf7 Bf4 43. Qe7 h2 44. Qd6+ Kb7 45. Bd8 h1=Q+ 46. Kg7 Bxe5+
0-1

[Event "17. Obert Int. Sant Marti 2015"]
[Site "Barcelona ESP"]
[Date "2015.07.21"]
[Round "9.56"]
[White "Fernandez Aguilar, Francisco"]
[Black "Rojas Fernandez, Andres"]
[Result "1-0"]
[WhiteElo "2067"]
[BlackElo "1946"]
[PlyCount "45"]
[EventDate "2015.07.13"]
[EventType "swiss"]
[EventRounds "9"]
[EventCountry "ESP"]
[SourceTitle "Ajedrez en Madrid"]
[Source "lmi"]
[SourceDate "2013.07.13"]
[SourceVersion "1"]
[SourceVersionDate "2019.06.24"]
[SourceQuality "1"]

1. e4 e6 2. d4 d5 3. Bd3 Nf6 4. e5 Nfd7 5. f4 c5 6. c3 Nc6 7. Nf3 Qb6 8. Bc2
Qc7 9. O-O b5 10. f5 exf5 11. Bxf5 Nb6 12. Bd3 c4 13. Bc2 Be7 14. Ng5 Bxg5 15.
Bxg5 h6 16. Qh5 Be6 17. Nd2 Kd7 18. Bh4 g6 19. Qe2 g5 20. Bg3 Rag8 21. Rxf7+
Ne7 22. Bf5 Qc6 23. Bxe6+ 1-0

[Event "17. Obert Int. Sant Marti 2015"]
[Site "Barcelona ESP"]
[Date "2015.07.21"]
[Round "9.57"]
[White "Lopez Perdomo, Juan David"]
[Black "Minko, Dmitry"]
[Result "1-0"]
[WhiteElo "2056"]
[BlackElo "1672"]
[PlyCount "87"]
[EventDate "2015.07.13"]
[EventType "swiss"]
[EventRounds "9"]
[EventCountry "ESP"]
[SourceTitle "Ajedrez en Madrid"]
[Source "lmi"]
[SourceDate "2013.07.13"]
[SourceVersion "1"]
[SourceVersionDate "2019.06.24"]
[SourceQuality "1"]

1. e4 e5 2. Nf3 Nc6 3. Bb5 Nf6 4. O-O Nxe4 5. d4 Nd6 6. Bxc6 dxc6 7. dxe5 Nf5
8. Qe2 Be7 9. Rd1 Bd7 10. Rd3 Qc8 11. Bf4 Be6 12. Nbd2 O-O 13. Rd1 b6 14. b3 c5
15. c4 h6 16. Ne4 Qb7 17. g4 Nh4 18. Nxh4 Bxh4 19. Rh3 Be7 20. Bxh6 gxh6 21.
Qe3 Rfd8 22. Rd6 Bg5 23. Nxg5 cxd6 24. Nxe6 dxe5 25. Nxd8 Rxd8 26. Qe2 Qc6 27.
Rh5 e4 28. g5 Qg6 29. h4 Rd2 30. Qxd2 Qxh5 31. Qf4 hxg5 32. hxg5 Qf3 33. Qxf3
exf3 34. Kh2 Kg7 35. Kg3 Kg6 36. Kg4 a6 37. a3 b5 38. a4 bxa4 39. bxa4 a5 40.
Kxf3 Kxg5 41. Ke4 f5+ 42. Kd5 Kf4 43. Kxc5 Kf3 44. Kb6 1-0

[Event "17. Obert Int. Sant Marti 2015"]
[Site "Barcelona ESP"]
[Date "2015.07.21"]
[Round "9.59"]
[White "Serefidou, Despina"]
[Black "Alfara Ayllon, Jose Luis"]
[Result "1/2-1/2"]
[WhiteElo "1923"]
[BlackElo "1964"]
[PlyCount "78"]
[EventDate "2015.07.13"]
[EventType "swiss"]
[EventRounds "9"]
[EventCountry "ESP"]
[SourceTitle "Ajedrez en Madrid"]
[Source "lmi"]
[SourceDate "2013.07.13"]
[SourceVersion "1"]
[SourceVersionDate "2019.06.24"]
[SourceQuality "1"]

1. e4 c5 2. Nf3 d6 3. d4 cxd4 4. Nxd4 Nf6 5. Nc3 a6 6. Bg5 e6 7. f4 Be7 8. Qf3
Qc7 9. O-O-O Bd7 10. g4 Nc6 11. Nb3 O-O-O 12. Bh4 h6 13. Bf2 Na5 14. h4 d5 15.
exd5 Nxb3+ 16. axb3 Nxd5 17. Nxd5 exd5 18. f5 Bc6 19. Bd4 Rhg8 20. Bg2 Qd6 21.
Qf2 Bf6 22. Rh3 Rge8 23. Rhd3 Bxd4 24. Rxd4 Qe5 25. Qd2 Qe3 26. Qxe3 Rxe3 27.
Bxd5 Rxd5 28. Rxd5 Bxd5 29. Rxd5 Re4 30. Rc5+ Kd7 31. Rc4 Re1+ 32. Kd2 Rh1 33.
h5 Rh3 34. Re4 Rg3 35. Ke2 Rg2+ 36. Kd3 Kd6 37. b4 Rg3+ 38. Kd4 Rg2 39. Kd3
Rg3+ 1/2-1/2

[Event "17. Obert Int. Sant Marti 2015"]
[Site "Barcelona ESP"]
[Date "2015.07.21"]
[Round "9.61"]
[White "Perez Otero, Juan Antonio"]
[Black "Ruiz Molina, Gabriel"]
[Result "0-1"]
[WhiteElo "2169"]
[BlackElo "1916"]
[PlyCount "94"]
[EventDate "2015.07.13"]
[EventType "swiss"]
[EventRounds "9"]
[EventCountry "ESP"]
[SourceTitle "Ajedrez en Madrid"]
[Source "lmi"]
[SourceDate "2013.07.13"]
[SourceVersion "1"]
[SourceVersionDate "2019.06.24"]
[SourceQuality "1"]

1. b3 c5 2. Bb2 Nf6 3. e3 e6 4. Nf3 Be7 5. d4 O-O 6. Bd3 Nc6 7. O-O b6 8. c4
Nb4 9. Be2 Bb7 10. Nc3 d5 11. a3 cxd4 12. exd4 Nc6 13. Bd3 a6 14. Qe2 dxc4 15.
bxc4 Qd6 16. Rad1 Rfd8 17. Rfe1 Bf8 18. d5 exd5 19. cxd5 Re8 20. Ne4 Nxe4 21.
dxc6 Qxc6 22. Ne5 Rxe5 23. Bxe5 Nc3 24. Qg4 Nxd1 25. Rxd1 Re8 26. Bb2 b5 27. h4
h6 28. f3 Qe6 29. Bf5 Qb3 30. Qd4 Re2 31. Rd2 Bc5 32. Rxe2 Bxd4+ 33. Kh2 Be3
34. Bc1 Qd5 35. Bb1 Bc5 36. Re8+ Bf8 37. Bf4 g5 38. Bg3 g4 39. Be4 Qd7 40. Rb8
Bxe4 41. fxe4 Kg7 42. Rb6 a5 43. Ra6 a4 44. Be5+ Kh7 45. h5 Be7 46. Ra8 f6 47.
Bc3 Qc7+ 0-1

[Event "17. Obert Int. Sant Marti 2015"]
[Site "Barcelona ESP"]
[Date "2015.07.21"]
[Round "9.62"]
[White "Hapala, Elisabeth"]
[Black "Perez Ruiz, Santiago"]
[Result "1-0"]
[WhiteElo "2083"]
[BlackElo "1885"]
[PlyCount "49"]
[EventDate "2015.07.13"]
[EventType "swiss"]
[EventRounds "9"]
[EventCountry "ESP"]
[SourceTitle "Ajedrez en Madrid"]
[Source "lmi"]
[SourceDate "2013.07.13"]
[SourceVersion "1"]
[SourceVersionDate "2019.06.24"]
[SourceQuality "1"]

1. e4 e6 2. d4 d5 3. Nd2 dxe4 4. Nxe4 Nf6 5. Nxf6+ Qxf6 6. Nf3 h6 7. Bd3 Bd6 8.
O-O Nc6 9. Re1 Bd7 10. c3 O-O-O 11. b4 g5 12. b5 Ne7 13. c4 Ng6 14. Qa4 Kb8 15.
c5 Bf4 16. Be4 Bc8 17. Rb1 g4 18. Bxf4 Qxf4 19. Rb3 f5 20. Ra3 a6 21. g3 Qxe4
22. Rxe4 fxe4 23. bxa6 gxf3 24. axb7 Bxb7 25. c6 1-0

[Event "17. Obert Int. Sant Marti 2015"]
[Site "Barcelona ESP"]
[Date "2015.07.21"]
[Round "9.63"]
[White "Herms Agullo, Jordi"]
[Black "Anker, Christin"]
[Result "1/2-1/2"]
[WhiteElo "2075"]
[BlackElo "1849"]
[PlyCount "92"]
[EventDate "2015.07.13"]
[EventType "swiss"]
[EventRounds "9"]
[EventCountry "ESP"]
[SourceTitle "Ajedrez en Madrid"]
[Source "lmi"]
[SourceDate "2013.07.13"]
[SourceVersion "1"]
[SourceVersionDate "2019.06.24"]
[SourceQuality "1"]

1. e4 e5 2. Nf3 Nc6 3. Bb5 a6 4. Bxc6 dxc6 5. Nc3 Qd6 6. d4 exd4 7. Nxd4 c5 8.
Nde2 Qxd1+ 9. Nxd1 Be6 10. Nf4 Bd7 11. Nd5 O-O-O 12. O-O Ne7 13. N1c3 Nxd5 14.
Nxd5 Bb5 15. Re1 f6 16. Bf4 Bd6 17. Rad1 Bxf4 18. Nxf4 Rhe8 19. f3 Bc4 20. b3
Bf7 21. Kf2 Rxd1 22. Rxd1 Rd8 23. Rxd8+ Kxd8 24. Ke3 Kd7 25. g4 Kd6 26. Ne2 b5
27. h4 a5 28. h5 c4 29. Nd4 cxb3 30. cxb3 Kc5 31. Kd3 a4 32. bxa4 bxa4 33. a3
g6 34. h6 Kd6 35. Nb5+ Kc6 36. Nc3 Bb3 37. f4 Kd6 38. Nb5+ Kd7 39. g5 fxg5 40.
fxg5 c5 41. Nc3 Ke6 42. Ke3 Ke5 43. Ne2 Bg8 44. Nc3 Bb3 45. Ne2 Bg8 46. Nc3 Bb3
1/2-1/2

[Event "17. Obert Int. Sant Marti 2015"]
[Site "Barcelona ESP"]
[Date "2015.07.21"]
[Round "9.65"]
[White "Cano Sevila, Ivan"]
[Black "Cervello I Tost, Roger"]
[Result "1-0"]
[WhiteElo "1870"]
[BlackElo "1960"]
[PlyCount "35"]
[EventDate "2015.07.13"]
[EventType "swiss"]
[EventRounds "9"]
[EventCountry "ESP"]
[SourceTitle "Ajedrez en Madrid"]
[Source "lmi"]
[SourceDate "2013.07.13"]
[SourceVersion "1"]
[SourceVersionDate "2019.06.24"]
[SourceQuality "1"]

1. d4 d5 2. Bf4 Nf6 3. Nf3 e6 4. e3 Nbd7 5. Nbd2 c6 6. c3 Be7 7. Bd3 O-O 8. Ne5
Nxe5 9. dxe5 Nd7 10. Nf3 Re8 11. h4 f6 12. Bxh7+ Kxh7 13. Ng5+ fxg5 14. hxg5+
Kg8 15. Qh5 Nf8 16. g6 Nxg6 17. Qxg6 Bf6 18. exf6 1-0

[Event "17. Obert Int. Sant Marti 2015"]
[Site "Barcelona ESP"]
[Date "2015.07.21"]
[Round "9.66"]
[White "Feldman, Antony"]
[Black "Torrents Senal, Marc"]
[Result "1/2-1/2"]
[WhiteElo "1950"]
[BlackElo "1824"]
[PlyCount "70"]
[EventDate "2015.07.13"]
[EventType "swiss"]
[EventRounds "9"]
[EventCountry "ESP"]
[SourceTitle "Ajedrez en Madrid"]
[Source "lmi"]
[SourceDate "2013.07.13"]
[SourceVersion "1"]
[SourceVersionDate "2019.06.24"]
[SourceQuality "1"]

1. Nf3 d5 2. g3 c5 3. Bg2 Nc6 4. d4 e6 5. O-O Nf6 6. c4 Qb6 7. cxd5 exd5 8.
dxc5 Bxc5 9. Nc3 Be6 10. Na4 Qb5 11. Nxc5 Qxc5 12. Be3 Qb4 13. b3 O-O 14. h3
Rac8 15. Nd4 Rfd8 16. Rc1 Nxd4 17. Qxd4 Qxd4 18. Bxd4 Ne4 19. Kh2 b6 20. f3 Nd6
21. g4 Nb5 22. Ba1 d4 23. Rfd1 Rxc1 24. Rxc1 d3 25. exd3 Rxd3 26. Rc2 g6 27.
Kg3 Kf8 28. Bf6 Nd6 29. Bf1 Rd1 30. Be2 Rd5 31. Rc7 Nc8 32. Ba6 Rc5 33. Rxc5
bxc5 34. Kf4 Nb6 35. Ke4 c4 1/2-1/2

[Event "17. Obert Int. Sant Marti 2015"]
[Site "Barcelona ESP"]
[Date "2015.07.21"]
[Round "9.67"]
[White "Boixader Arbo, Xavier"]
[Black "Egorova, Ayyyna"]
[Result "0-1"]
[WhiteElo "1755"]
[BlackElo "1901"]
[PlyCount "70"]
[EventDate "2015.07.13"]
[EventType "swiss"]
[EventRounds "9"]
[EventCountry "ESP"]
[SourceTitle "Ajedrez en Madrid"]
[Source "lmi"]
[SourceDate "2013.07.13"]
[SourceVersion "1"]
[SourceVersionDate "2019.06.24"]
[SourceQuality "1"]

1. e4 Nf6 2. Nc3 d5 3. exd5 Nxd5 4. Bc4 Nxc3 5. bxc3 g6 6. Nf3 Bg7 7. O-O O-O
8. h3 b6 9. d4 Bb7 10. Ne5 Nd7 11. f4 Nxe5 12. fxe5 c5 13. Be3 Qc7 14. Qe2 Rac8
15. e6 cxd4 16. exf7+ Kh8 17. Bxd4 e5 18. Be6 exd4 19. Bxc8 Qxc8 20. Rae1 Ba6
21. c4 Bxc4 22. Qe8 Qc5 23. Rf4 d3+ 24. Kh1 d2 25. Rd1 Bxf7 26. Qd7 Qxc2 27.
Rdf1 Qxa2 28. Ra4 Qe6 29. Qxd2 a5 30. Ra3 Kg8 31. Rd3 Qc4 32. Rc1 Qb4 33. Qe3
a4 34. Rc7 Re8 35. Qf2 Qb1+ 0-1

[Event "17. Obert Int. Sant Marti 2015"]
[Site "Barcelona ESP"]
[Date "2015.07.21"]
[Round "9.68"]
[White "Moreno Perez, Norberto"]
[Black "Tateo, Ida"]
[Result "1-0"]
[WhiteElo "1853"]
[BlackElo "1301"]
[PlyCount "51"]
[EventDate "2015.07.13"]
[EventType "swiss"]
[EventRounds "9"]
[EventCountry "ESP"]
[SourceTitle "Ajedrez en Madrid"]
[Source "lmi"]
[SourceDate "2013.07.13"]
[SourceVersion "1"]
[SourceVersionDate "2019.06.24"]
[SourceQuality "1"]

1. e4 c5 2. Nf3 d6 3. Bc4 Nc6 4. c3 Nf6 5. d3 g6 6. Ng5 e6 7. O-O Bg7 8. Bb3
O-O 9. Be3 a5 10. f4 b5 11. a3 a4 12. Ba2 Qc7 13. f5 exf5 14. Nd2 Ne5 15. Qe2
h6 16. Ngf3 Bb7 17. Nxe5 dxe5 18. exf5 gxf5 19. Rxf5 Rad8 20. Raf1 Qe7 21. h3
Bc8 22. R5f2 Bb7 23. Bxh6 Bxh6 24. Rxf6 Bd5 25. Bxd5 Rxd5 26. Rxh6 1-0

[Event "17. Obert Int. Sant Marti 2015"]
[Site "Barcelona ESP"]
[Date "2015.07.21"]
[Round "9.69"]
[White "Quero Ortega, Juan"]
[Black "Severri Arrese, Carlos"]
[Result "0-1"]
[WhiteElo "1820"]
[BlackElo "1983"]
[PlyCount "100"]
[EventDate "2015.07.13"]
[EventType "swiss"]
[EventRounds "9"]
[EventCountry "ESP"]
[SourceTitle "Ajedrez en Madrid"]
[Source "lmi"]
[SourceDate "2013.07.13"]
[SourceVersion "1"]
[SourceVersionDate "2019.06.24"]
[SourceQuality "1"]

1. c4 e5 2. Nc3 f5 3. g3 Nf6 4. Bg2 Nc6 5. e3 d6 6. Nge2 Be7 7. O-O O-O 8. d4
Qe8 9. Nd5 Bd8 10. Nxf6+ Bxf6 11. Nc3 exd4 12. Nd5 dxe3 13. Nxf6+ Rxf6 14. Bxe3
Be6 15. b3 Qf7 16. Bg5 Rg6 17. Bf4 h6 18. Bf3 Rf6 19. Bd2 Qd7 20. Bc3 Rff8 21.
Re1 Rae8 22. Rxe6 Rxe6 23. Bd5 Ne7 24. Bxe6+ Qxe6 25. Qd4 Rf7 26. Re1 Qd7 27.
f4 a6 28. c5 d5 29. Rd1 c6 30. Re1 Kh7 31. h4 Ng8 32. Qd3 Re7 33. Be5 Nf6 34.
Kg2 Ne4 35. Bd6 Re6 36. Be5 Rg6 37. Re3 Nxc5 38. Qd4 Ne4 39. b4 Rg4 40. a3 Qf7
41. a4 Qh5 42. Kh2 Qg6 43. Qd3 Qe8 44. b5 axb5 45. axb5 Qd7 46. bxc6 bxc6 47.
Qa3 c5 48. Qa8 Qf7 49. Rb3 d4 50. Rb7 Qc4 0-1